Выписки из протоколов заседаний Президиума ЦИК СССР о восстановлении в правах гражданства и о принятии в союзное гражданство. Бу...

Доступно только в Электронных читальных залах Найти на картеНа карте
RUSMARC
00004823nac2a22003013x 450
001bcbd2591-a2b1-41fb-9091-bbeb1c5b2a38
00520220119092830.0
100##$a20211217l1925 k y0rusy50 ca
1010#$arus
$amul
102##$aRU
105##$ay z |||||
1220#$ad19251231
2001#$aВыписки из протоколов заседаний Президиума ЦИК СССР о восстановлении в правах гражданства и о принятии в союзное гражданство. Буква "М" том 1-й
$j1925
215##$a311 листов
251##$cДело
300##$aЗаголовок дела на папке: Выписки из протоколов заседаний Президиума ЦИКС. О восстановлении в правах гражданства и о принятии в союзное гражданство. М - том I
300##$aЛисты: 64об, 205 - гербовая марка; 132 идет после 129; 227 идет перед 226; 38, 43, 61, 70-72, 78, 97, 98, 111, 113, 115-117, 121, 123, 144, 150 - текст уходит в корешок дела
300##$aЧасть текста на языках народов СССР
300##$aЧасть текста машинописная и рукописная, часть - напечатана типографским способом
324##$aВ деле имеются копии отдельных документов
461#0$1001796d4672-8a00-4986-b488-6e42273792cc
$12001
$aЦЕНТРАЛЬНЫЙ ИСПОЛНИТЕЛЬНЫЙ КОМИТЕТ СССР (ЦИК СССР)
$1251
$cФонд
$1852
$j3316
$gР
462#0$10019b37ce3b-cf5a-4e83-90b2-84b029570c85
$12001
$aПостановления, протоколы и выписки из протоколов заседаний Президиума ЦИК СССР по вопросам приема, выхода, лишения гражданства СССР. 1923-1938 гг.
$vД. 191
$1251
$cОпись
$1852
$j14
5171#$aВыписки из протоколов заседаний Президиума ЦИКС. О восстановлении в правах гражданства и о принятии в союзное гражданство. М - том I
60101$3RU\NLR\AUTH\880357276
$aСССР
$bЦИК
60101$3RU\NLR\AUTH\880398220
$aСССР
$bЦентральный исполнительный комитет
$bПрезидиум
801#0$aRU
$bGA_RF
801#1$aRU
$bГлавНИВЦ
$c20211217
$2rusmarc
801#2$aRU
$bПБ им. Б.Н. Ельцина
$c20220119
$gRCR
$2rusmarc
852##$aГА РФ
$j191
937##$d172895528
$hГАРФ
035##$aRuPRLIB51064048
856##$uhttp://readingroom.main.prlib.ru/item.aspx?id_node=n172895528&mode=full
Формат отображения